| 000 | 00943nam a2200289 i 4500 | ||
|---|---|---|---|
| 001 | 16872 | ||
| 003 | ES-MaACL | ||
| 005 | 20250825103740.0 | ||
| 007 | t| | ||
| 008 | 001117s1990 sp ||||0| spa d | ||
| 016 | 7 | _zSIC92006172 | |
| 040 |
_aM-BN _bspa _cSIC |
||
| 080 | _a730 Gabino, Amadeo (064.3) | ||
| 245 | 0 | 0 |
_aAmadeo Gabino _b: [exposición] notas en torno a su obra / _c[texto] Daniel Giralt-Miracle. |
| 260 |
_aBurgos : _bCaja de Ahorros Municipal, _cD.L. 1990. |
||
| 300 |
_a1 v : _bil. col ; _c29 cm. |
||
| 504 | _aBibliografía. | ||
| 600 | 1 | 4 |
_aGabino, Amadeo, _d1922-2004- _vExposiciones _953138 |
| 655 | 7 |
_2tgfbne _9193628 _aCatálogos de exposiciones |
|
| 700 | 1 |
_aGabino, Amadeo, _d1922-2004 _953137 |
|
| 700 | 1 |
_aGiralt-Miracle, Daniel. _957204 |
|
| 710 | 2 |
_aCaja de Burgos. _9151308 |
|
| 852 |
_aES-MaACL _jG-2986 _bR.119015 |
||
| 942 | _2udc | ||
| 999 |
_c16872 _d16872 |
||